| 000 | 00668nam a2200193 a 4500 | ||
|---|---|---|---|
| 001 | 000012674 | ||
| 005 | 20200929163045.0 | ||
| 008 | 091116s1992 dr 001 0 spa d | ||
| 040 |
_aDO-SdBNP _bspa _cBNPHU |
||
| 082 |
_axxx _bM538f |
||
| 100 | 1 |
_aMendieta, Francisco, _d1934- _929451 |
|
| 245 | 1 | 0 |
_aFragmentos de las memorias del hombre / _cFrancisco Mendieta; edición María Teresa Reyes Cortés, Georges Ferdinandy. |
| 260 |
_aSanto Domingo : _bIsla Negra, _c1992. |
||
| 300 |
_a111 p. ; _c22 cm. |
||
| 500 | _aIncluye datos biográficos del autor | ||
| 700 | 1 |
_aReyes Cortés, María Teresa _eed. _929452 |
|
| 700 | 1 |
_aFerdinandy, Georges _929453 |
|
| 049 | _aBNPD | ||
| 999 |
_c12325 _d12325 |
||